=LDR 00000nam 2200000 4500 =001 INLIS000000000031386 =005 20130612133449 =008 ***********************************Ind** =035 ##$$0010-061300000031386 =041 ##$$a Ind =082 ##$$a 658.403 =090 ##$$a 658.403, Rad, a =100 ##$$a Radford =245 ##$$a Analisis Keputusan Manajemen, K.J.Radford; Penerjemah,Taufik Salim =260 ##$$a 1984 $b Jakarta =300 ##$$a xi,280 hlm., ilus., 25 cm =650 ##$$a Pengambilan Keputusan =700 ##$$a Taufik Salim =850 ##$$a NBPNMAT